000 00614nam a2200217Ia 4500
003 GCL
008 140319s9999 xx 000 0 ara d
040 _aGCL /
_cGCL
082 0 4 _a272.2
_bش س
100 1 _aشفيق مقار
245 1 0 _aالسحر فى التوراة والعهد القديم /
_cشفيق مقار
260 _a[S.N] :
_bرياض الريس للكتب والنشر ،
_c1990
300 _a599 ص
490 _a
650 0 4 _aاليهودية
650 0 4 _aالسحر
650 0 4 _aالعهد القديم
650 0 4 _aالتوراة
650 0 4 _aاليهود
942 _2ddc
_cBK
999 _c59056
_d59056